00821nam a22002057a 450000500170000001000150001702000260003203500140005803700090007208200150008124500990009625000060019526000510020127000620025230000210031470001010033594200260043699900190046295201340048120250327161015.0 aENG-144310 a9789361634659c490.00 aEN-127842 bDBAD a330.95421 aTwo day National Seminar On India's $5 Traillion Economy: The Vision, Challenges, and Roadmap/ a1 aTamil NadubShanlax PublicationscJanuary 2024 a61,66 T.P.K. Main Road, Vasantha Nagar, bMaduraie625003 a262p. c29cm(Hb) aChandan Chavadi, Dhanabalan Thangam, Ravindran Kandasamy, Sendhilkumar ManoharaneEditors979478 2ddccENmCHAh330.954 c210555d210555 001040718NFICaDBADbDBADd2025-03-27eDBADg490.00l0oCHA 330.954pEN-127842r2025-03-27 00:00:00t1v490.00w2025-03-27yEN